KOHA-Header-6

Eye On The Ball Mind On The Game : An Easy Guide To Stress-Free Golf (Record no. 2744)

000 -LEADER
fixed length control field 00341nam a2200121Ia 4500
008 - FIXED-LENGTH DATA ELEMENTS--GENERAL INFORMATION
fixed length control field 190902s9999||||xx |||||||||||||| ||und||
020 ## - INTERNATIONAL STANDARD BOOK NUMBER
International Standard Book Number 0-9620-233-1-0
100 ## - MAIN ENTRY--PERSONAL NAME
Personal name Dr Arthur Jackson
245 #0 - TITLE STATEMENT
Title Eye On The Ball Mind On The Game : An Easy Guide To Stress-Free Golf
260 ## - PUBLICATION, DISTRIBUTION, ETC. (IMPRINT)
Place of publication, distribution, etc India
Name of publisher, distributor, etc The McGraw-Hill
Date of publication, distribution, etc 1995
300 ## - PHYSICAL DESCRIPTION
Extent 128
942 ## - ADDED ENTRY ELEMENTS (KOHA)
Koha item type Books
Holdings
Withdrawn status Lost status Source of classification or shelving scheme Damaged status Not for loan Collection code Permanent Location Current Location Shelving location Date acquired Full call number Barcode Date last seen Price effective from Koha item type
          English Literature MAJU MAJU Shelf No.A15 2019-09-02 796.352 6398 2019-09-02 2019-09-02 English Literature

Powered by Koha